| 000 -ლიდერი |
| ფიქსირებული სიგრძის საკონტროლო ველი |
01002nam a22002057a 4500 |
| 003 - საკონტროლო ნომრის იდენტიფიკატორი |
| საკონტროლო ველი |
Ge_BSU |
| 005 - ბოლო ოპერაციის თარიღი და დრო |
| საკონტროლო ველი |
20210318142613.0 |
| 008 - ფიქსირებული სიგრძის მონაცემთა ელემენტები - ზოგადი ინფორმაცია |
| ფიქსირებული სიგრძის საკონტროლო ველი |
210318s2004ge xxu||||| |||| 00| 0 geo d |
| 020 ## - წიგნის საერთაშორისო სტანდარტული ნომერი |
| International Standard Book Number |
9992832096 |
| 041 ## - ენის კოდი |
| Language code of text/sound track or separate title |
geo |
| 080 ## - უნივერსალური ათობითი კლასიფიკაციის ინდექსი |
| Universal Decimal Classification number |
340(479.22) ფ-20 |
| 100 ## - მთავარი ჩანაწერი - პიროვნების სახელი |
| Personal name |
ფალიაშვილი, აპოლონ. |
| 9 (RLIN) |
241 |
| 245 ## - ცნობა სათაურის შესახებ |
| Title |
საქართველოს სამართალდამცავი ორგანოები : |
| Remainder of title |
[იურიდ. ფაკ. სტუდ.] / |
| Statement of responsibility, etc |
აპოლონ ფალიაშვილი ; რედ. შოთა ფაფიაშვილი |
| 264 ## - წარმოების, გამოცემის, დისტრიბუციის და სხვა ცნობები |
| გამოცემის, წარმოების, დისტრიბუციის... ადგილი |
თბილისი: |
| გამოცემის, წარმოების, დისტრიბუციის... სახელწოდება |
მერიდიანი, |
| გამოცემის, წარმოების, დისტრიბუციის... თარიღი |
2004. |
| 300 ## - ფიზიკური აღწერა |
| Extent |
303 გვ. ; |
| Dimensions |
20 სმ. |
| 653 ## - INDEX TERM--UNCONTROLLED |
| Uncontrolled term |
სამართალდამცავი ორგანოები საქართველოში |
| 653 ## - INDEX TERM--UNCONTROLLED |
| Uncontrolled term |
სამართალი |
| 700 ## - ADDED ENTRY--PERSONAL NAME |
| Personal name |
ფაფიაშვილი,შოთა |
| Relator term |
რედაქტორი |
| 9 (RLIN) |
10561 |
| 942 ## - ADDED ENTRY ELEMENTS (KOHA) |
| Source of classification or shelving scheme |
|
| Koha item type |
წიგნი |